000
00375nam a2200145Ia 4500
008
231129s1996||||xx |||||||||||||| ||spa||
020
_a
968-20-0164-1
040
_b
spa
082
_a
189.4 S813t
100
_a
Steenberghen Fernand Van
245
0
_a
El tomismo
260
_c
1996
264
_a
Publicaciones Cruz O
942
_2
ddc
_c
BKS
999
_c
12570
_d
12570